| 000 | 00759cam a2200277 4500 | ||
|---|---|---|---|
| 001 | B397 | ||
| 008 | 090401t1986 xxu||||| |||| 00| 0 eng d | ||
| 020 | _a0101976909 | ||
| 035 | _a(Sirsi) u35505 | ||
| 041 | _aeng | ||
| 050 |
_a624.194094223 _c18 |
||
| 110 |
_aDepartment of Transport _91172 |
||
| 245 | 4 | _aThe Channel fixed link | |
| 260 |
_aLondon _bHMSO _c1986 |
||
| 300 |
_aiv, 45p.,1 folded plate _bill., map _c25cm. |
||
| 350 | _a4.90 | ||
| 490 |
_aCm _v9769 |
||
| 650 | _aCHANNEL TUNNEL | ||
| 650 | _aFRANCE | ||
| 690 | _aPROPERTY-INFRASTRUCTURE | ||
| 710 |
_aMinistre de l'Urbanisme, du Logement et des Transport _94712 |
||
| 710 |
_aChannel Tunnel Group Ltd _92087 |
||
| 710 |
_aFrance-Manche _94713 |
||
| 942 | _n0 | ||
| 948 | _c04/03/1997 | ||
| 999 |
_c90121 _d90121 |
||